Chargement en cours...

Numerical Methods with programs in C

Détails bibliographiques
Auteur principal: Veerarajan,T
Autres auteurs: T Ramachandran
Format: Printed Book
Publié: NewDelhi Tata McGraw Hill
Édition:2nd
Sujets:
LEADER 00525nam a22001697a 4500
020 |a 9780070601611 
082 |a 511  |b VEE 
100 |a Veerarajan,T 
245 |a Numerical Methods with programs in C 
250 |a 2nd 
260 |a NewDelhi  |b Tata McGraw Hill 
300 |a xii,1.3 
650 |a Numerical Methods  |a programs in C 
700 |a T Ramachandran 
942 |c BK 
999 |c 128420  |d 128416 
952 |0 0  |1 0  |4 0  |6 511_000000000000000_VEE  |7 0  |8 NFIC  |9 126829  |a SPAP  |b SPAP  |c GEN  |d 2017-08-16  |l 0  |o 511 VEE  |p SPAP3523  |r 2017-08-16  |w 2017-08-16  |y BK